000 00360nam a2200145Ia 4500
008 230917s9999||||xx |||||||||||||| ||und||
040 _e42982
_aMAIN
041 _aEnglish
082 _a005.74 D451J
100 _aDesai, Bipin C
245 0 _aIntroduction to database systems
260 _aNew Delhi
_bGalgotia
_c2003
300 _axviii, 820 p.
942 _cBK
999 _c78528
_d78528